Countries by suicide rate per 100,000 people. - Statistics

General Stats
  • This quiz has been taken 171 times
  • The average score is 8 of 15
Answer Stats
Hint Answer % Correct
21.7 Japan
89%
20.2 Russia
87%
22.2 China
81%
31.7 South Korea
74%
21.2 Ukraine
69%
22.9 Belarus
67%
18.2 Latvia
63%
31.0 Lithuania
62%
17.4 Moldova
53%
21.7 Hungary
49%
21.8 Slovenia
36%
19.7 Croatia
34%
25.6 Kazakhstan
34%
26.4 Guyana
20%
21.3 Sri Lanka
18%
No matching quizzes found
Score Distribution
Percent of People with Each Score
Percentile by Number Answered
Your Score History
You have not taken this quiz